000 00663nam a2200205 i 4500
001 183293
003 ES-MaACL
005 20250831120445.0
008 140206s1987 it |||| | ita d
020 _a88-317-4975-5
080 _a791.44 Pasolini, Pier Paolo
100 1 _aZigaina, Giuseppe (
_d1924-)
_9154394
245 1 0 _aPasolini e la morte
_b: mito alchimia e semantica del "nulla lucente" /
_cGiuseppe Zigaina.
250 _a1ª ed.
260 _aVenezia :
_bMarsilio,
_c1987.
300 _a151 p., [16] p. lám. :
_bil. ;
_c22 cm.
600 1 4 _aPasolini, Pier Paolo,
_d1922-1975
_989424
852 _aES-MaACL
_jL-30058
999 _c183293
_d183293